Statistics for Countries With The Most Religious Freedom

Click here to take the quiz!

General Stats

  • This quiz has been taken 84 times
  • The average score is 9 of 10

Answer Stats

RankingCountry% Correct
5United States
96%
2Canada
92%
10Sweden
91%
3Norway
89%
6United Kingdom
88%
1Netherlands
84%
7Belgium
82%
8Denmark
82%
4Australia
81%
9New Zealand
80%

Score Distribution

Percentile by Number Answered

Percent of People with Each Score

Your Score History

You have not taken this quiz